000 00493nam a2200181Ia 4500
005 20250508164226.0
008 008 250505s9999 xx 000 0 hin d
037 _aReference
040 _aFEDL
_beng
_cFEDL
041 _ahin
_2eng
084 _a510, SCE
_qFEDL
245 0 _aGanit: Madhyamik kaksho ke liye. Part 1
245 0 _cSCERT
260 _aDelhi, India
_bDelhi Bureau of Text Books
_c2004
300 _a196p.
942 _cREF
_h510, SCE
999 _c1387691
_d1387691